000 00968nam a2200217Ia 4500
008 0000002003 us a 0000000000eng00
020 _a974009202
090 _aPUS00 F23l
100 1 _aFeitelson, Lorser
245 1 0 _aLorser Feitelson and the invention of hard edge painting 1945-1965
_c/ appreciation by Henry T. Hopkins ; essay by Michael Duncan ; fotografías Casey Brown
300 _a100 p.
_c/ 27 cm.
500 _aExposición realizada en Louis Stern Fine Arts, Hollywood, May 15 Julio 12, 2003 \ Con el patronazgo del maestro venezolano Jesús Rafael Soto (q.e.p.d.)
600 0 0 _a FEITELSON, LORSER, 18281978/
_xTRABAJOS PICTORICOS
650 1 4 _a PINTURA ESTADOUNIDENSE
650 1 4 _xCATALOGOS
650 1 4 _aPINTORES ESTADOUNIDENSES
650 1 4 _aPINTURA FIGURATIVA
650 1 4 _aPINTURA MODERNA ESTADOUNIDENSE
700 1 _aHopkins, Henry T. \ Duncan, Michael \ Brown, Casey
999 _c153
_d153
260 _aHollywood : Louis Stern Fine Arts
_c2003